Can You Name All The Characteristics Of Jessie From Brawl Stars? - Statistics

General Stats
  • This quiz has been taken 2 times
  • The average score is 11 of 15
Answer Stats
Hint Answer % Correct
Class Controller
100%
Star Power Energize
100%
Buffies No
100%
Trait No
100%
Super Scrappy
100%
Star Power Shocky
100%
Rarity Super Rare
100%
Prestige Title Will Fix It
100%
Title Builder
50%
Trio Junker Family
50%
Gadgets Recoil Spring
50%
Hypercharge Scrappy 2.0
50%
Gadgets Spark Plug
50%
Voice Actor Maya Aoki Tuttle
0%
Attack Shock Rifle
0%
No matching quizzes found
Score Distribution
Percent of People with Each Score
Percentile by Number Answered
Your Score History
You have not taken this quiz